(Record no. 190511)

MARC details
000 -LEADER
fixed length control field 00488nam a2200145Ia 4500
041 ## - LANGUAGE CODE
Language code of text/sound track or separate title Arabic
082 ## - DEWEY DECIMAL CLASSIFICATION NUMBER
Classification number 956.704 cut-282 ج
100 ## - MAIN ENTRY--PERSONAL NAME
Personal name 20260118u\\\\\\\\\\\y0engy0103\\\\ba
Personal name طارق جامباز
245 #0 - TITLE STATEMENT
Title من ملفات جرائم النظام البائد اماكن العبادة المدمرة للمسلمين والمسيحيين والايزيدين
250 ## - EDITION STATEMENT
Edition statement ط1
260 ## - PUBLICATION, DISTRIBUTION, ETC. (IMPRINT)
Name of publisher, distributor, etc مطبعة شهاب
Place of publication, distribution, etc اربيل
Date of publication, distribution, etc 2006
300 ## - PHYSICAL DESCRIPTION
Extent 207
942 ## - ADDED ENTRY ELEMENTS (KOHA)
Koha item type Books
Holdings
Withdrawn status Lost status Damaged status Not for loan Collection code Home library Current library Shelving location Date acquired Total Checkouts Full call number Barcode Date last seen Copy number Price effective from Koha item type
          Koya University Central Library Koya University Central Library Books 18/01/2026   956.704 cut-282 ج 0000096401 18/01/2026 1 18/01/2026 Books